000 01179nai a22002057a 4500
999 _c34553
_d34553
003 OSt
005 20251105173415.0
008 161128b xxu||||| |||| 00| 0 eng d
022 _a1992-6510
024 _22520-9299
040 _aBMC
_cBMC
082 _a306.3389
245 0 0 _aRealidad y reflexión
_cOscar Picardo Joao, Director
_n48
_pJulio-diciembre
260 _aSan Salvador
_bUniversidad Francisco Gavidia
_c2018
300 _a213 p.
_c24 cm
505 _aContiene: La empresa, el medioambiente y la comunidad indígena.— Entre escuelas y balas: una aproximación a los Mass Shooting.— El rol de las bibliotecas nacionales en la era digital y los entornos virtuales.— Contribución de las instituciones de educación superior de El Salvador al aseguramiento de acceso igualitario de hombres y mujeres a una formación técnica, profesional y superior de calidad.— ¿Twitter herramienta de campaña? Una mirada a la red social el día de las elecciones para diputaciones y consejos municipales 2018 en El Salvador.— Simulación de retroiluminación.-
650 2 4 _913187
_aCultura y globalización
700 1 _918653
_aPicardo Joao, Óscar
942 _2ddc
_cPR